000 00267nam a2200121Ia 4500
100 _aBelonogov
650 _aChemistry
942 _cBK
245 _aAutomated Information Retrieval Systems
260 _bMir Publishers
_c2001
082 _a25.4
546 _aENGLISH
999 _c20824
_d20824